000 00681nam a22002177a 4500
999 _c413
_d413
003 AR-CdUCM
008 190223b ||||| |||| 00| 0 spa d
040 _aMUNICIPALIDAD PROVINCIAL DEL CUSCO
_cBIBLIOTECA MUNICIPAL DEL CUSCO
041 _heng
082 _22da /
_a800.81 /
_bPN 30
100 _aLewis, Sinclair
_91639
245 _aNovelas Escogidas
260 _aEspaña :
_bAguilar ;
_c1959.
300 _a1273 páginas
_c18cm
440 _aBiblioteca Premios Novel
_91494
505 _aCalle mayor -- Babbitt -- El doctor Arrowsmith
650 _aLiteratura Universal
_9611
650 _aLiteratura Premio Novel
_91568
942 _2ddc
_cLIBROS
945 _anom
_d2019-02-23